Guide to heart care/ (Record no. 153361)

MARC details
000 -LEADER
fixed length control field 00477nam a22001697a 4500
005 - DATE AND TIME OF LATEST TRANSACTION
control field 20181218163746.0
020 ## - INTERNATIONAL STANDARD BOOK NUMBER
International Standard Book Number 8189093789
Terms of availability 95.00
035 ## - SYSTEM CONTROL NUMBER
System control number B-161757 B-161771
082 ## - DEWEY DECIMAL CLASSIFICATION NUMBER
Classification number 616.12
Item number RAM
100 ## - MAIN ENTRY--PERSONAL NAME
Personal name Ramdass
245 ## - TITLE STATEMENT
Title Guide to heart care/
Statement of responsibility, etc by Ramdass
260 ## - PUBLICATION, DISTRIBUTION, ETC. (IMPRINT)
Place of publication, distribution, etc New Delhi
Name of publisher, distributor, etc Lotus Press
Date of publication, distribution, etc 2005
270 ## - ADDRESS
Address 4263/3, Ansari Road, Darya Ganj,
City New Delhi
State or province 110002
300 ## - PHYSICAL DESCRIPTION
Extent vi,210p.
Dimensions 22cm
942 ## - ADDED ENTRY ELEMENTS (KOHA)
Source of classification or shelving scheme Dewey Decimal Classification
Item type English Books
Classification part 616.12
Call number suffix RAM
Holdings
Withdrawn status Lost status Not for loan Collection code Home library Current library Date acquired Source of acquisition Cost, normal purchase price Full call number Barcode Cost, replacement price Koha item type
      Non-fiction Patel Nagar Patel Nagar 04/07/2018 BPPD/Pub 95.00 616.12 RAM B-161757 95.00 English Books
      Non-fiction R.C.Libraries (zls) R.C.Libraries (zls) 17/11/2018   95.00 616.12 RAM B-161771 95.00 English Books

© Delhi Public Library
Hit Counter
free hit counter